000 00479nam a2200193Ia 4500
005 20250423095013.0
008 250422s9999 xx 000 0 und d
020 _a0130461067
050 _aHD 30 .2 .T87/
100 _aTurban, Afraim
245 0 _aDecision support systems and intelligent systems
250 _a7th ed.
260 _aNew Jersey
260 _bPrentice- Hall
260 _c2000
300 _a936 p
650 _aMangement- data processing
942 _cBK
999 _c28947
_d28947